Don Benjamín Vicuña Mackenna: su vida, sus escritos y su tiempo
Saved in:
| Hovedforfatter: | |
|---|---|
| Format: | Bog |
| Sprog: | spansk |
| Udgivet: |
Santiago, Chile
Universitaria
1925
|
| Fag: | |
| Tags: |
Tilføj Tag
Ingen Tags, Vær først til at tagge denne postø!
|
MARC
| LEADER | 00000nam a2200000 a 4500 | ||
|---|---|---|---|
| 001 | UCO0245 | ||
| 003 | CL-VaPUC | ||
| 005 | 20221004074540.0 | ||
| 008 | 000420e19250000CL |||||||||||||||||spa|d | ||
| 999 | |c 286960 |d 286958 | ||
| 040 | |c Pontificia Universidad Católica de Valparaíso | ||
| 082 | 0 | 4 | |a 983.092 DON 1925 |2 21 |
| 100 | 0 | |a Donoso, Ricardo |e author |9 441382 | |
| 245 | 1 | 0 | |a Don Benjamín Vicuña Mackenna: |b su vida, sus escritos y su tiempo |
| 260 | |a Santiago, Chile |b Universitaria |c 1925 | ||
| 300 | |a 670 páginas | ||
| 583 | |a last modification |c 20000420 00:00:00 |k Rodrigo Vera | ||
| 600 | 0 | |a Vicuña Mackenna, Benjamín, |d 1831-1886 |x Político e historiador |z Chile |9 374 | |
| 650 | 0 | |a Biografías |x ESTADISTAS |z CHILE |9 255210 | |
| 650 | 0 | |a Historia de Chile |x BIBLIOGRAFIAS |9 265473 | |
| 650 | 0 | |a Guerra del Pacífico |x DIPLOMACIA |z CHILE |9 314886 | |
| 852 | |a BIBCUR | ||
| 942 | |c BK |2 ddc | ||
| 945 | |d 20000420 00:00:00 |a crobeson | ||
| 952 | |0 0 |1 0 |2 ddc |4 0 |6 983_092000000000000_DON_1925 |7 0 |8 X |9 333243 |a BIBHIS |b BIBHIS |d 2019-11-20 |i 1399985 |o 983.092 DON 1925 |p 1399985 |r 2024-01-30 |t 1 |w 2019-11-20 |y BK_X |k HIS | ||
| 952 | |0 0 |1 0 |2 ddc |4 0 |6 983_092000000000000_DON_1925 |7 0 |8 X |9 333244 |a FDOBUD |b FDOBUD |d 2019-11-20 |i 1019902 |o 983.092 DON 1925 |p 1019902 |r 2019-11-20 |t 2 |w 2019-11-20 |y BK_X |k BUD | ||